Les nombres de 1 à 25 en 15 secondes - Statistiques

Statistiques générales
  • Ce quiz a été pris 544 fois
  • Le résultat moyen est 22 sur 25
Statistiques - réponses
Réponse % Correct
1
100%
2
100%
3
99%
4
98%
5
98%
6
98%
7
97%
8
97%
9
97%
10
93%
11
92%
13
92%
14
92%
12
91%
15
91%
16
90%
17
89%
18
87%
19
85%
20
82%
21
79%
23
73%
22
72%
24
69%
25
66%
Aucun quiz correspondant
Distribution des résultats
% des personnes avec chaque résultat
Percentile par nombre de réponses
Votre historique - résultats
Vous n’avez pas pris ce quiz